España sagrada. (Record no. 174613)

MARC details
000 -LEADER
campo de control de longitud fija 01157nam a2200277 4500
001 - NÚMERO DE CONTROL
campo de control 174613
003 - IDENTIFICADOR DE NÚMERO DE CONTROL
campo de control ES-MaACL
005 - FECHA Y HORA DE LA ÚLTIMA TRANSACCIÓN
campo de control 20250831072604.0
008 - DATOS DE LONGITUD FIJA--INFORMACIÓN GENERAL
campo de control de longitud fija 100511s1832 sp p |||| | spa d
100 1# - ENTRADA PRINCIPAL--NOMBRE DE PERSONA
Nombre de persona Flórez, Enrique,
Fechas asociadas al nombre 1702-1773
9 (RLIN) 142679
240 10 - TÍTULO UNIFORME
Título uniforme España sagrada
245 10 - MENCIÓN DEL TÍTULO
Título España sagrada.
Número de parte o sección de la obra Tomo XLV,
Nombre de parte o sección de la obra Tratado LXXXVIII, en que se concluye lo perteneciente á la santa iglesia de Gerona, colegiatas, monasterios y conventos de la ciudad /
Mención de responsabilidad, etc. por José de la Canal, Agustino Calzado.
260 ## - PUBLICACIÓN, DISTRIBUCIÓN, ETC.
Lugar de publicación, distribución, etc. Madrid :
Nombre del editor, distribuidor, etc. en la imprenta de don José del Collado,
Fecha de publicación, distribución, etc. 1832.
300 ## - DESCRIPCIÓN FÍSICA
Extensión XXI, 309 p. ;
Dimensiones 20 cm.
504 ## - NOTA DE BIBLIOGRAFÍA, ETC.
Nota de bibliografía, etc. Apéndices, p. 227-372.
504 ## - NOTA DE BIBLIOGRAFÍA, ETC.
Nota de bibliografía, etc. Índice alfabético.
530 ## - NOTA DISPONIBLE DE FORMULARIO FÍSICO ADICIONAL
Nota de formato físico adicional disponible Disponible en formato digital.
546 ## - NOTA DE IDIOMA
Nota de lengua/lenguaje Apéndices en latín.
650 #7 - PUNTO DE ACCESO ADICIONAL DE MATERIA--TÉRMINO DE MATERIA
Término de materia o nombre geográfico como elemento de entrada Historia eclesiástica
Fuente del encabezamiento o término embne
9 (RLIN) 13400
651 #4 - PUNTO DE ACCESO ADICIONAL DE MATERIA--NOMBRE GEOGRÁFICO
Nombre geográfico España-
Subdivisión general Historia eclesiástica.
9 (RLIN) 8368
700 1# - ENTRADA AGREGADA--NOMBRE PERSONAL
Nombre de persona Canal, José de la.
9 (RLIN) 142796
700 1# - ENTRADA AGREGADA--NOMBRE PERSONAL
Nombre de persona Calzado, Agustino.
9 (RLIN) 142797
852 4# - LOCALIZACIÓN
Ubicación ES-MaACL
Número de control de estantería R-1617-69
Encuadernación C-16767-818
856 ## - LOCALIZACIÓN Y ACCESO ELECTRÓNICOS
Identificador Uniforme de Recursos <a href="https://archive.org/details/espaasagradathe31palegoog/page/n7 ">https://archive.org/details/espaasagradathe31palegoog/page/n7 </a>
Nota pública Internet Archive
Holdings
Estatus retirado Estado de pérdida Estado de daño No para préstamo Colección Biblioteca de origen Biblioteca actual Ubicación en estantería Fecha de adquisición Fuente de adquisición Total de préstamos Signatura topográfica completa Código de barras Visto por última vez Precio de reemplazo Tipo de ítem Koha
        Colección digital Biblioteca del Ateneo de Madrid Biblioteca del Ateneo de Madrid Depósito 11/05/2010     R-1661 1183308 23/02/2023 23/02/2023 Libro impreso antiguo